[Event "Memorial Tal - Blitz"]
[Site "Mosca"]
[Date "05.03.2018"]
[Round "5B"]
[White "Gelfand,B"]
[Black "Andreikin,D"]
[Result "0-1"]
[WhiteElo "2695"]
[BlackElo "2712"]
[EventDate "2018.03.02"]

1. d4 Nf6 2. Nf3 e6 3. c4 a6 4. Nc3 d5 5. cxd5 exd5 6. Qb3 Be7 7. Bf4 O-O
8. e3 c6 9. Bxb8 Rxb8 10. Bxa6 Bd6 11. Be2 Re8 12. O-O h5 13. Qc2 g6 14.
Rfe1 Bf5 15. Bd3 Ne4 16. g3 Bg4 17. Nd2 f5 18. Bf1 h4 19. Bg2 hxg3 20. hxg3
Kg7 21. Nf1 Rh8 22. f3 Nxg3 23. fxg4 Qh4 24. g5 Rh5 25. Ne2 Nxe2+ 26. Qxe2
Rxg5 27. Qf2 Qh5 28. Nd2 Rh8 29. Kf1 Bg3 30. Qf3 Qh2 31. Re2 Rh4 32. a4 Bd6
33. a5 Rg3 34. Qf2 Rhg4 35. Qg1 Qh6 36. Ra3 f4 37. e4 Bxa3 38. bxa3 f3 0-1

[Event "Memorial Tal - Blitz"]
[Site "Mosca"]
[Date "05.03.2018"]
[Round "6B"]
[White "Nakamura,Hi"]
[Black "Andreikin,D"]
[Result "1-0"]
[WhiteElo "2787"]
[BlackElo "2712"]
[EventDate "2018.03.02"]

1. b3 e5 2. Bb2 Nc6 3. e3 g6 4. d4 exd4 5. Nf3 Bg7 6. Nxd4 Nf6 7. Be2 O-O
8. O-O Nxd4 9. Bxd4 d5 10. c4 dxc4 11. Bxc4 Qd6 12. Bb2 Ne4 13. Bxg7 Kxg7
14. Qxd6 Nxd6 15. Be2 c5 16. Rd1 Rd8 17. Nc3 Be6 18. e4 b6 19. f3 Kf8 20.
Kf2 Nb7 21. Nb5 Ke7 22. f4 Nd6 23. Nc3 Rac8 24. g4 f6 25. f5 Bf7 26. Ke3
Ne8 27. h4 Rxd1 28. Rxd1 Rd8 29. Rf1 gxf5 30. exf5 Nc7 31. Bc4 Be8 32. g5
b5 33. Bg8 Bh5 34. Bxh7 c4 35. bxc4 bxc4 36. Rc1 Rd3+ 37. Kf2 Rd2+ 38. Kg1
Rd4 39. Re1+ Kf8 40. Ne4 Nd5 41. gxf6 c3 42. Bg6 c2 43. Ng5 Ne3 44. Ne6+
Kg8 45. f7+ 1-0

[Event "Memorial Tal - Blitz"]
[Site "Mosca"]
[Date "05.03.2018"]
[Round "6B"]
[White "Grischuk,A"]
[Black "Gelfand,B"]
[Result "1-0"]
[WhiteElo "2767"]
[BlackElo "2695"]
[EventDate "2018.03.02"]

1. g3 c5 2. Bg2 g6 3. e4 Bg7 4. Nf3 Nc6 5. O-O d6 6. d3 e5 7. Nc3 Nge7 8.
Nd2 O-O 9. Nc4 Be6 10. Nd5 Kh8 11. c3 Qd7 12. a4 f5 13. a5 Bg8 14. Nxe7
Nxe7 15. Qa4 Rad8 16. Bg5 Bf6 17. Bxf6+ Rxf6 18. exf5 gxf5 19. Nd2 Ng6 20.
b4 Qg7 21. Kh1 cxb4 22. Qxb4 d5 23. Rab1 Rd7 24. Qc5 Rc6 25. Qa3 e4 26. d4
f4 27. c4 f3 28. Bh3 Be6 29. Bxe6 Rxe6 30. cxd5 Rxd5 31. Qc3 Rc6 32. Qe3
Rxd4 33. Rfc1 Rd3 34. Qe1 e3 35. Rxc6 bxc6 36. Rb8+ Nf8 37. Nxf3 Qf6 38.
Qe2 Ra3 39. fxe3 Rxa5 40. Kg2 Rd5 41. Nd4 Rd8 42. Rxd8 Qxd8 43. Nxc6 Qd5+
44. Qf3 Qxf3+ 45. Kxf3 a6 46. Ke4 Kg7 47. Kd5 Kf7 48. e4 Ne6 49. e5 Ng5 50.
h4 Nf3 51. Kd6 Ke8 52. e6 Nd2 53. Ke5 Nc4+ 54. Kd4 Nd2 55. h5 Nf1 56. g4
Nh2 1-0

[Event "Memorial Tal - Blitz"]
[Site "Mosca"]
[Date "05.03.2018"]
[Round "6B"]
[White "Kramnik,V"]
[Black "Dubov,Daniil"]
[Result "0-1"]
[WhiteElo "2800"]
[BlackElo "2701"]
[EventDate "2018.03.02"]

1. d4 c6 2. e4 d6 3. c4 Nd7 4. Nc3 h6 5. g3 e5 6. Nge2 g6 7. Bg2 Bg7 8. O-O
h5 9. d5 c5 10. h4 a6 11. a4 Bh6 12. a5 g5 13. hxg5 Bxg5 14. f4 Bh6 15. Bh3
Ngf6 16. Kg2 h4 17. Rh1 Rg8 18. Bxd7+ Nxd7 19. f5 Bg5 20. Kf3 hxg3 21. Kg2
Bxc1 22. Qxc1 Nf6 23. Qh6 Bd7 24. Rh3 Qe7 25. Rxg3 O-O-O 26. Rh1 Ng4 27.
Qh4 Ne3+ 28. Kf3 Qxh4 29. Rxh4 Nxc4 30. Rh7 Rgf8 31. Rgg7 Be8 32. Ng3 Nxa5
33. Nh5 b5 34. Nf6 b4 35. Nd1 Nb3 36. Ne3 Nd4+ 37. Kf2 Bb5 38. Rxf7 Rxf7
39. Rxf7 a5 40. Ra7 a4 41. Nh7 Rd7 42. Rxd7 Kxd7 43. f6 Ke8 44. Ng5 a3 45.
bxa3 bxa3 46. f7+ Kf8 47. Ng4 Be8 0-1

[Event "Memorial Tal - Blitz"]
[Site "Mosca"]
[Date "05.03.2018"]
[Round "6B"]
[White "Artemiev,V"]
[Black "Mamedyarov,S"]
[Result "1/2-1/2"]
[WhiteElo "2697"]
[BlackElo "2809"]
[EventDate "2018.03.02"]

1. Nf3 Nf6 2. g3 g6 3. b3 Bg7 4. Bb2 O-O 5. Bg2 d6 6. d4 c5 7. c4 Ne4 8.
Qc2 Qa5+ 9. Nbd2 Bf5 10. Nh4 Nxg3 11. Nxf5 Nxf5 12. Bxb7 Nxd4 13. Bxd4 Bxd4
14. Rd1 Na6 15. Bxa8 Rxa8 16. O-O Re8 17. e3 Nb4 18. Qe4 Bf6 19. a4 Na2 20.
Qc6 Rb8 21. Ne4 Bg7 22. Qd7 Bf8 23. Rd3 Qb6 24. a5 Qa6 25. f4 Nb4 26. Rd2
Nc6 27. Ng5 Qc8 28. Rxd6 Nxa5 29. Qxc8 Rxc8 30. Ra6 Nxb3 31. Rd1 Rc7 32.
Ra3 Rb7 33. Ne4 Rb4 34. Rd8 a5 35. Rc8 e6 36. Nf6+ Kg7 37. Ne8+ Kh6 38. Rc7
Bg7 39. Rxf7 Bc3 40. h4 Kh5 41. Rxh7+ Kg4 42. Kg2 Bd2 43. Nf6+ Kf5 44. Rf7
Bxe3 45. Kf3 Nd2+ 46. Ke2 Nxc4 47. Rxe3 Nxe3 48. Kxe3 Rb3+ 49. Kd2 Kxf4 50.
Nd7+ Kg4 51. Rh7 Rb5 52. Ne5+ Kf5 53. Nc4 Kg4 54. Rh6 a4 55. Kc3 Rb3+ 56.
Kc2 Rb4 57. Rxg6+ Kxh4 58. Kc3 Rb3+ 59. Kc2 Rb4 60. Ne5 a3 61. Rxe6 Ra4 62.
Kb1 a2+ 63. Ka1 Kg5 64. Rc6 Kf5 65. Rxc5 Ke4 66. Nc6 Kd3 67. Rh5 Re4 68.
Kxa2 Kc4 69. Ne5+ Kd4 70. Nf3+ Ke3 71. Ng5 Re5 72. Rh3+ Kf4 73. Nf7 Re7 74.
Nd6 Re1 75. Kb3 Re3+ 1/2-1/2

[Event "Memorial Tal - Blitz"]
[Site "Mosca"]
[Date "05.03.2018"]
[Round "6B"]
[White "Morozevich,A"]
[Black "Fedoseev,Vl3"]
[Result "1-0"]
[WhiteElo "2665"]
[BlackElo "2724"]
[EventDate "2018.03.02"]

1. e4 c5 2. Nf3 d6 3. d4 cxd4 4. Nxd4 Nf6 5. Nc3 a6 6. Be3 e6 7. f3 h5 8.
Qd2 Nbd7 9. a4 b6 10. Bc4 Qc7 11. Bxe6 fxe6 12. Nxe6 Qc4 13. Nxf8 Rxf8 14.
Qxd6 Kf7 15. O-O-O Re8 16. h3 Re6 17. Qf4 Ne5 18. g4 Ng6 19. Qh2 b5 20. g5
Nd7 21. Rd4 Qc6 22. f4 Re8 23. Rhd1 bxa4 24. Rd6 Qb7 25. Qe2 Ndf8 26. f5
Ne5 27. Qxh5+ g6 28. Qh8 1-0

[Event "Memorial Tal - Blitz"]
[Site "Mosca"]
[Date "05.03.2018"]
[Round "6B"]
[White "Anand,V"]
[Black "Nepomniachtchi,I"]
[Result "0-1"]
[WhiteElo "2776"]
[BlackElo "2751"]
[EventDate "2018.03.02"]

1. e4 g6 2. d4 Bg7 3. Nc3 d6 4. f4 Nf6 5. Nf3 O-O 6. a3 Bg4 7. Be2 Bxf3 8.
Bxf3 e5 9. fxe5 dxe5 10. d5 c6 11. dxc6 Nxc6 12. Qxd8 Rfxd8 13. Bg5 Nd4 14.
O-O-O Rac8 15. Kb1 h6 16. Bxf6 Bxf6 17. Nd5 Kg7 18. c3 Nc6 19. Rd3 Ne7 20.
Rhd1 Nxd5 21. Rxd5 Rxd5 22. Rxd5 Rc7 23. Kc2 b6 24. Be2 Bg5 25. g3 Re7 26.
Bc4 f5 27. Kd3 Bc1 28. Kc2 Be3 29. exf5 gxf5 30. Bb5 Bg1 31. h3 h5 32. Be2
Bf2 33. g4 fxg4 34. hxg4 h4 35. Rd1 Bg3 36. Kd3 h3 37. Ke4 h2 38. Bf3 Rf7
39. Ke3 Bf4+ 40. Ke2 Kf6 41. Kf2 Kg5 42. c4 Bc1 43. Rxc1 e4 44. Kg2 exf3+
45. Kxh2 Kxg4 46. Rg1+ Kf4 47. Rg8 Rd7 48. Kg1 Rd1+ 49. Kf2 Rd2+ 50. Kf1
Rxb2 51. Ra8 Ke3 52. Re8+ Kd4 0-1

[Event "Memorial Tal - Blitz"]
[Site "Mosca"]
[Date "05.03.2018"]
[Round "6B"]
[White "Svidler,P"]
[Black "Karjakin,Sergey"]
[Result "0-1"]
[WhiteElo "2760"]
[BlackElo "2763"]
[EventDate "2018.03.02"]

1. Nf3 d5 2. g3 c6 3. Bg2 Nf6 4. O-O Bg4 5. c4 e6 6. cxd5 cxd5 7. Qb3 Qb6
8. Qxb6 axb6 9. Nc3 Nc6 10. d3 Nd7 11. Bf4 Be7 12. Rfc1 O-O 13. h3 Bxf3 14.
Bxf3 Bf6 15. Kf1 Ra6 16. e4 dxe4 17. dxe4 Nc5 18. Be2 Ra5 19. Rab1 Bxc3 20.
bxc3 Rxa2 21. Rxb6 Rc8 22. Be3 Na5 23. Rb4 h6 24. e5 Na4 25. Rg4 Kf8 26. c4
Nc5 27. Rd1 Nab3 28. Rf4 Ke8 29. Bh5 Rc7 30. Rg4 g6 31. Bxh6 Rd7 32. Rg5
Ne4 33. Rxg6 Rxd1+ 34. Bxd1 Ned2+ 0-1

[Event "Memorial Tal - Blitz"]
[Site "Mosca"]
[Date "05.03.2018"]
[Round "7B"]
[White "Karjakin,Sergey"]
[Black "Nakamura,Hi"]
[Result "1-0"]
[WhiteElo "2763"]
[BlackElo "2787"]
[EventDate "2018.03.02"]

1. e4 c5 2. Nf3 d6 3. d4 cxd4 4. Qxd4 Nc6 5. Bb5 Bd7 6. Qd3 Nb4 7. Bxd7+
Qxd7 8. Qe2 g6 9. O-O Bg7 10. c3 Nc6 11. c4 Nf6 12. h3 O-O 13. Nc3 a6 14.
Rd1 Qc7 15. Bd2 Rfc8 16. Rac1 Nd7 17. b3 Qd8 18. Nd5 e6 19. Nc3 Nde5 20.
Be3 Nxf3+ 21. Qxf3 Qe7 22. Na4 Rab8 23. Nb6 Rd8 24. Rd2 Re8 25. Rcd1 Rbd8
26. a3 Qc7 27. b4 a5 28. bxa5 Bc3 29. Nd5 exd5 30. Bb6 Qc8 31. Qxc3 d4 32.
Bxd4 Nxd4 33. Rxd4 Qc7 34. f3 Re6 35. Qb4 Ra8 36. Rd5 h5 37. Rb5 Ra7 38. c5
dxc5 39. Rxc5 Qb8 40. Rd7 Re8 41. Rcc7 Rf8 42. Qb3 b6 43. Rxa7 1-0

[Event "Memorial Tal - Blitz"]
[Site "Mosca"]
[Date "05.03.2018"]
[Round "7B"]
[White "Nepomniachtchi,I"]
[Black "Svidler,P"]
[Result "1-0"]
[WhiteElo "2751"]
[BlackElo "2760"]
[EventDate "2018.03.02"]

1. e4 c5 2. Nf3 e6 3. d4 cxd4 4. Nxd4 Nc6 5. Nc3 d6 6. Be3 Nf6 7. Qf3 Bd7
8. O-O-O a6 9. h3 Ne5 10. Qg3 Rc8 11. f4 Rxc3 12. fxe5 Nxe4 13. Qf3 d5 14.
Bd3 Be7 15. Rdf1 O-O 16. bxc3 Qa5 17. Bxe4 dxe4 18. Qxe4 Rc8 19. Bd2 Qxa2
20. Kd1 Rc7 21. Ke2 Qc4+ 22. Kf2 Bc6 23. Qe2 Qc5 24. Kg3 Bd5 25. Rf2 f5 26.
exf6 Bd6+ 27. Bf4 Qxc3+ 28. Kh2 1-0

[Event "Memorial Tal - Blitz"]
[Site "Mosca"]
[Date "05.03.2018"]
[Round "7B"]
[White "Fedoseev,Vl3"]
[Black "Anand,V"]
[Result "1-0"]
[WhiteElo "2724"]
[BlackElo "2776"]
[EventDate "2018.03.02"]

1. e4 e5 2. Nf3 Nc6 3. Bb5 Nf6 4. O-O Nxe4 5. Re1 Nd6 6. Nxe5 Be7 7. Bf1
O-O 8. d4 Nf5 9. c3 Nxe5 10. Rxe5 d6 11. Re1 d5 12. Nd2 Bd6 13. Nf3 c6 14.
a4 a5 15. Qb3 Re8 16. Bg5 f6 17. Bd2 Ne7 18. h3 Rb8 19. c4 dxc4 20. Bxc4+
Kh8 21. Bd3 Bd7 22. Qf7 Rf8 23. Qh5 g6 24. Qxa5 Qxa5 25. Bxa5 Nd5 26. Bd2
Kg7 27. Bc4 Nc7 28. a5 Rfe8 29. Rxe8 Bxe8 30. Ne1 Bf7 31. b3 Rd8 32. Nc2
Bd5 33. Bc3 c5 34. Ne3 Bxc4 35. bxc4 cxd4 36. Bxd4 Ne6 37. Bc3 Kf7 38. Rb1
Nc5 39. Nd5 f5 40. Rb6 Rd7 41. Nf6 Rd8 42. Nxh7 Be7 43. Bf6 Rd1+ 44. Kh2
Nd7 45. Rxb7 Nxf6 46. Ng5+ Ke8 47. a6 Ra1 48. a7 Bd6+ 49. g3 Nd7 50. c5
Bxc5 51. Rb8+ Ke7 52. a8=Q Rxa8 53. Rxa8 Bxf2 54. Ra6 Nf8 55. h4 Be3 56.
Nf3 Kf7 57. Kg2 Nd7 58. Rd6 Nf8 59. Ne5+ Kg7 60. Kf3 Bc5 61. Rc6 Ba3 62.
Kf4 Bb4 63. Nf3 Ba3 64. Ng5 Be7 65. Rc7 Kf6 66. Rc6+ Kg7 67. Nf3 Ba3 68.
Nd4 Bb2 69. Nb5 Kf7 70. Nd6+ Ke7 71. Nc4 Bd4 72. Kf3 Ne6 73. Ra6 Bc3 74.
Ne3 Bd4 75. Nd5+ Kf7 76. Kg2 Nc5 77. Ra7+ Ke6 78. Nf4+ Kf6 79. Rc7 1-0

[Event "Memorial Tal - Blitz"]
[Site "Mosca"]
[Date "05.03.2018"]
[Round "7B"]
[White "Mamedyarov,S"]
[Black "Morozevich,A"]
[Result "1/2-1/2"]
[WhiteElo "2809"]
[BlackElo "2665"]
[EventDate "2018.03.02"]

1. d4 e6 2. c4 Nf6 3. Nc3 Bb4 4. Nf3 b6 5. Bd2 Bb7 6. g3 Bxc3 7. Bxc3 Ne4
8. Rc1 d5 9. Bg2 O-O 10. O-O Nxc3 11. Rxc3 dxc4 12. Rxc4 Bd5 13. Rc3 a5 14.
Qc2 Na6 15. a3 c5 16. Rd1 cxd4 17. Nxd4 Bxg2 18. Kxg2 Qe7 19. Qe4 Nc5 20.
Qc6 Rab8 21. b4 axb4 22. axb4 Na6 23. b5 Nc5 24. Qf3 Qf6 25. Qxf6 gxf6 26.
Nc6 Ra8 27. Rc4 f5 28. g4 fxg4 29. Rxg4+ Kh8 30. Kf3 Rg8 31. Rxg8+ Kxg8 32.
Rd6 Ra3+ 33. e3 Nd3 34. Ke2 Nb2 35. Ne5 Na4 36. Rd8+ Kg7 37. Rd7 Kf6 38. f4
Kf5 39. Kf3 f6 40. Nc4 Rb3 41. Rxh7 Kg6 42. Re7 Rxb5 43. Rxe6 Rh5 44. Kg3
b5 45. Nd6 b4 46. f5+ Kg7 47. h4 b3 48. Re7+ Kf8 49. Re8+ Kg7 50. e4 b2 51.
Rb8 Rh8 52. Rb7+ Kf8 53. Nc4 Rg8+ 54. Kh3 Rg1 55. Nxb2 Rb1 56. Rb4 Nxb2 57.
Rb7 Rh1+ 58. Kg2 Rxh4 59. Rxb2 Rxe4 1/2-1/2

[Event "Memorial Tal - Blitz"]
[Site "Mosca"]
[Date "05.03.2018"]
[Round "7B"]
[White "Dubov,Daniil"]
[Black "Artemiev,V"]
[Result "1-0"]
[WhiteElo "2701"]
[BlackElo "2697"]
[EventDate "2018.03.02"]

1. c4 e5 2. Nc3 Nf6 3. Nf3 Nc6 4. g3 g6 5. Bg2 Bg7 6. O-O O-O 7. d4 exd4 8.
Nxd4 Re8 9. Nc2 d6 10. Qd2 Bf5 11. Ne3 Ne4 12. Nxe4 Bxe4 13. f3 Bf5 14.
Nxf5 gxf5 15. Qd3 Qe7 16. e3 Ne5 17. Qxf5 Nxc4 18. e4 Qe6 19. Qxe6 Rxe6 20.
Rb1 d5 21. b3 Nb6 22. Rd1 Rae8 23. Bf4 dxe4 24. fxe4 Be5 25. Rbc1 c6 26.
Be3 Bf6 27. Bf2 R6e7 28. a4 Re5 29. Bd4 R5e6 30. Bxf6 Rxf6 31. a5 Nc8 32.
Rd7 b6 33. e5 Rfe6 34. a6 Rxe5 35. Bxc6 Rf8 36. Bb7 Ne7 37. Bf3 Nc8 38. Kf2
Rfe8 39. Rcc7 Ra5 40. Bd5 Ne7 41. Rxe7 Rxe7 42. Rxe7 Rxd5 43. Rxa7 Kg7 44.
Rb7 Rb5 45. a7 Ra5 46. Ke3 h5 47. h4 Ra3 48. Kd4 Kf6 49. b4 Kf5 50. Rxf7+
Ke6 51. Rb7 Kf5 1-0

[Event "Memorial Tal - Blitz"]
[Site "Mosca"]
[Date "05.03.2018"]
[Round "7B"]
[White "Gelfand,B"]
[Black "Kramnik,V"]
[Result "1/2-1/2"]
[WhiteElo "2695"]
[BlackElo "2800"]
[EventDate "2018.03.02"]

1. d4 Nf6 2. c4 e6 3. Nf3 b6 4. g3 Bb7 5. Bg2 Be7 6. O-O O-O 7. Nc3 Ne4 8.
Bd2 d6 9. d5 Nxd2 10. Nxd2 e5 11. b4 a5 12. a3 Nd7 13. Nb3 f5 14. c5 bxc5
15. bxc5 a4 16. c6 axb3 17. cxb7 Rb8 18. Qxb3 Nc5 19. Qc2 Rxb7 20. Rfb1
Rxb1+ 21. Rxb1 Qa8 22. a4 e4 23. Nb5 Qxa4 24. Qxa4 Nxa4 25. Rc1 Rb8 26.
Nxc7 Bf6 27. Rc6 Nc3 28. Bf1 e3 29. fxe3 Be5 30. Ne6 Nxd5 31. Kf2 Nf6 32.
Bh3 Ne4+ 33. Kg2 g6 34. g4 fxg4 35. Bxg4 Kf7 36. Rc7+ Kf6 37. Rxh7 Rb3 38.
Nf8 Rxe3 39. Nd7+ Kg5 40. Bf3 Nf6 41. h4+ Kf5 42. Nxf6 Kxf6 1/2-1/2

[Event "Memorial Tal - Blitz"]
[Site "Mosca"]
[Date "05.03.2018"]
[Round "7B"]
[White "Andreikin,D"]
[Black "Grischuk,A"]
[Result "1/2-1/2"]
[WhiteElo "2712"]
[BlackElo "2767"]
[EventDate "2018.03.02"]

1. Nf3 c5 2. b3 d6 3. Bb2 e5 4. c4 Nc6 5. g3 g6 6. Bg2 Bg7 7. O-O Nge7 8.
d3 O-O 9. Nc3 Bf5 10. a3 Qd7 11. Re1 Bh3 12. Bh1 h6 13. b4 cxb4 14. axb4
Nxb4 15. Ba3 Nec6 16. Nd2 a5 17. Nd5 Nxd5 18. Bxd5 Rab8 19. Qa4 b5 20. cxb5
Nd4 21. Bc6 Qg4 22. Bxd6 Nxe2+ 23. Kh1 Nd4 24. Bxf8 Rxf8 25. Qxa5 Nxc6 26.
bxc6 Qf5 27. Kg1 Qxd3 28. Rac1 e4 29. Re3 Qd4 30. Nxe4 Qb2 31. Qd2 Qb6 32.
c7 Rc8 33. Qd6 Qb2 34. Rce1 Be5 35. Qe7 Bd4 36. Nd6 Rf8 37. c8=Q Bxc8 38.
Rf3 Bc5 39. Rxf7 Bxf2+ 40. Kh1 Bb7+ 41. Qxb7 Qxb7+ 42. Rxb7 Bxe1 43. Ne4
Rf7 44. Rb6 Kg7 45. Re6 Bb4 46. Kg2 Re7 47. Rxe7+ Bxe7 48. Kf3 Kf7 1/2-1/2

[Event "Memorial Tal - Blitz"]
[Site "Mosca"]
[Date "05.03.2018"]
[Round "8B"]
[White "Nakamura,Hi"]
[Black "Grischuk,A"]
[Result "1-0"]
[WhiteElo "2787"]
[BlackElo "2767"]
[EventDate "2018.03.02"]

1. Nf3 Nf6 2. b3 d5 3. Bb2 Bf5 4. g3 e6 5. Nh4 Be4 6. f3 Bg6 7. Bg2 c5 8.
Nxg6 hxg6 9. e4 Nc6 10. Qe2 Nd4 11. Bxd4 cxd4 12. Qb5+ Qd7 13. Qxd7+ Kxd7
14. e5 Ng8 15. c4 dxc3 16. Nxc3 Ne7 17. f4 Nf5 18. Ne2 Rc8 19. Kd1 Ba3 20.
Rb1 a5 21. h4 Rc5 22. Bh3 Ne7 23. Nd4 Nc6 24. Nc2 Rxc2 25. Kxc2 Nb4+ 26.
Kd1 Rc8 27. Bf1 Rc2 28. h5 gxh5 29. Rxh5 g6 30. Rh7 Ke7 31. Bd3 Rc7 32.
Bxg6 Kf8 33. Ke2 Nxa2 34. Rbh1 Nc1+ 35. Kf3 Nxb3 36. Rh8+ Kg7 37. Bd3 Nxd2+
38. Kg4 Ne4 39. Bxe4 dxe4 40. f5 1-0

[Event "Memorial Tal - Blitz"]
[Site "Mosca"]
[Date "05.03.2018"]
[Round "8B"]
[White "Artemiev,V"]
[Black "Gelfand,B"]
[Result "1/2-1/2"]
[WhiteElo "2697"]
[BlackElo "2695"]
[EventDate "2018.03.02"]

1. Nf3 c5 2. c3 Nf6 3. d4 d5 4. e3 Nbd7 5. Nbd2 g6 6. b4 c4 7. Be2 Bg7 8.
O-O O-O 9. Qc2 Nb6 10. e4 Nxe4 11. Nxe4 Bf5 12. Nfd2 dxe4 13. Nxe4 e5 14.
d5 Nxd5 15. Bf3 Nf4 16. Rd1 Qc7 17. g4 Bc8 18. Bxf4 exf4 19. Nd6 Be6 20.
Nxb7 Bxg4 21. Bxg4 Qxb7 22. Rd7 Qc6 23. Rad1 Qf6 24. Bf3 Rac8 25. Rc1 a5
26. bxa5 Qg5+ 27. Kh1 Qxa5 28. Qd2 Rcd8 29. Rc2 Rxd7 30. Qxd7 Bxc3 31. Bd5
Be5 32. Rxc4 Qe1+ 33. Kg2 f3+ 34. Bxf3 Qb1 35. a4 Qb6 36. Bd5 Qf6 37. a5
Rd8 38. Rc8 Rxc8 39. Qxc8+ Kg7 40. Qc4 Qg5+ 41. Kf1 Bxh2 42. a6 Bb8 43.
Bxf7 Ba7 44. Bd5 Qe7 45. Qc3+ Kh6 46. Qh3+ Kg7 47. Qc3+ Kh6 48. Qc1+ Kg7
49. Qb2+ Kh6 50. Qd2+ Qg5 51. Qxg5+ 1/2-1/2

[Event "Memorial Tal - Blitz"]
[Site "Mosca"]
[Date "05.03.2018"]
[Round "8B"]
[White "Morozevich,A"]
[Black "Dubov,Daniil"]
[Result "1-0"]
[WhiteElo "2665"]
[BlackElo "2701"]
[EventDate "2018.03.02"]

1. e4 c5 2. Nf3 Nc6 3. d4 cxd4 4. Nxd4 Nf6 5. Nc3 e5 6. Ndb5 d6 7. Bg5 a6
8. Na3 b5 9. Nd5 Be7 10. Bxf6 Bxf6 11. c4 b4 12. Nc2 O-O 13. g3 Rb8 14. b3
Be6 15. h4 Rb7 16. Rc1 a5 17. Bh3 Bxd5 18. cxd5 Na7 19. Bf1 Qb8 20. Ne3 Bd8
21. Ba6 Rc7 22. O-O Rxc1 23. Qxc1 g6 24. Nc4 Bb6 25. h5 Bd4 26. Kg2 Qd8 27.
f4 exf4 28. Qxf4 Qe7 29. hxg6 hxg6 30. Qh4 Re8 31. Qxe7 Rxe7 32. Kf3 Bc5
33. Nxa5 f5 34. exf5 gxf5 35. Kg2 Re3 36. Nb7 Rc3 37. Nxc5 Rxc5 38. Rxf5
Ra5 39. Bc4 Rxa2+ 40. Kh3 Nc8 41. Rf4 Kg7 42. Bb5 Nb6 43. Rxb4 Nxd5 44. Rd4
Nc3 45. Bc4 Kf6 46. Rxd6+ Ke5 47. Re6+ Kd4 48. Rd6+ Ke5 49. Rd3 Ne4 50.
Rd5+ Kf6 51. Kg4 Nf2+ 52. Kf3 Nh3 53. Ke3 Rg2 54. Kf3 Rb2 55. Rd6+ Ke5 56.
Re6+ Kf5 57. Re8 Ng5+ 58. Ke3 Rg2 59. Bd3+ Kg4 60. Be2+ Kxg3 61. b4 Rg1 62.
b5 Rb1 63. Rg8 Kh4 64. Bd3 Rb4 65. Rd8 Ne6 66. Rd6 Nc5 67. Rd4+ Rxd4 68.
Kxd4 Na4 69. Bc2 Nb6 70. Kc5 Nd7+ 71. Kc6 Ne5+ 72. Kc7 Nc4 73. Bd3 Nb2 74.
Bc2 Nc4 75. Bb3 Nd2 76. Bd5 Nb1 77. b6 Nc3 78. Bc6 1-0

[Event "Memorial Tal - Blitz"]
[Site "Mosca"]
[Date "05.03.2018"]
[Round "8B"]
[White "Svidler,P"]
[Black "Fedoseev,Vl3"]
[Result "1-0"]
[WhiteElo "2760"]
[BlackElo "2724"]
[EventDate "2018.03.02"]

1. Nf3 Nf6 2. c4 c6 3. e3 d5 4. Nc3 a6 5. Qc2 g6 6. d4 Bg7 7. Be2 O-O 8.
O-O b6 9. h3 Bb7 10. e4 dxe4 11. Nxe4 Nbd7 12. Nxf6+ Bxf6 13. c5 a5 14. Rd1
Qb8 15. Bh6 Rd8 16. Ng5 bxc5 17. Nxf7 Kxf7 18. Bc4+ e6 19. Bxe6+ Kxe6 20.
Qc4+ Ke7 21. Re1+ Be5 22. dxe5 Nxe5 23. Qh4+ Kf7 24. Bf4 Rd5 25. Qxh7+ Kf6
26. Re3 Ra7 27. Rae1 Bc8 28. Bxe5+ Rxe5 29. Qh8+ 1-0

[Event "Memorial Tal - Blitz"]
[Site "Mosca"]
[Date "05.03.2018"]
[Round "8B"]
[White "Karjakin,Sergey"]
[Black "Nepomniachtchi,I"]
[Result "1-0"]
[WhiteElo "2763"]
[BlackElo "2751"]
[EventDate "2018.03.02"]

1. e4 c5 2. Nf3 d6 3. d4 cxd4 4. Qxd4 a6 5. c4 Nc6 6. Qe3 Bg4 7. Nd4 g6 8.
Nc3 Bg7 9. Nxc6 bxc6 10. h3 Be6 11. Be2 Nf6 12. O-O O-O 13. f4 Qa5 14. Bd2
Rfb8 15. b3 Qb6 16. Qxb6 Rxb6 17. c5 Rbb8 18. cxd6 exd6 19. Rac1 Re8 20.
Bf3 Rac8 21. Rfd1 d5 22. e5 Nd7 23. Be2 Ra8 24. Na4 Rec8 25. g4 f6 26. exf6
Bxf6 27. Be3 h5 28. Rc2 hxg4 29. hxg4 Bg7 30. Rdc1 d4 31. Rxc6 Rxc6 32.
Rxc6 Bxb3 33. axb3 dxe3 34. Rxg6 Nf6 35. g5 Ne4 36. Kg2 Nd2 37. Nc5 Kf7 38.
Rxa6 Rxa6 39. Nxa6 Bf8 40. b4 Ke6 41. Kg3 Bd6 42. Nc5+ Kd5 43. Kg4 Bxc5 44.
bxc5 Ne4 45. Kf3 Nxc5 46. Kxe3 Ne6 47. Bf3+ Kd6 48. Ke4 Ke7 49. Ke5 Nd8 50.
Bd5 1-0

[Event "Memorial Tal - Blitz"]
[Site "Mosca"]
[Date "05.03.2018"]
[Round "9B"]
[White "Nepomniachtchi,I"]
[Black "Nakamura,Hi"]
[Result "0-1"]
[WhiteElo "2751"]
[BlackElo "2787"]
[EventDate "2018.03.02"]

1. e4 e5 2. Nf3 Nc6 3. Bb5 Nf6 4. O-O Nxe4 5. Re1 Nd6 6. Nxe5 Be7 7. Bf1
Nf5 8. Nf3 O-O 9. d4 d5 10. c3 Re8 11. b3 Nd6 12. Nbd2 Bf5 13. Bb2 Ne4 14.
Nxe4 Bxe4 15. Bd3 Bd6 16. Bxe4 dxe4 17. Nd2 f5 18. Nc4 Qh4 19. Nxd6 cxd6
20. c4 Nb4 21. Re3 Nd3 22. Qd2 f4 23. Rh3 Qf6 24. Rf1 d5 25. cxd5 Rad8 26.
Rh5 Qg6 27. Re5 Nxe5 28. dxe5 f3 29. g3 Qe6 30. Kh1 Rxd5 31. Qc2 Qc6 32.
Qb1 Rd2 33. Bc1 Rd3 34. Be3 Rxe5 35. h4 Qd7 36. Kh2 Rxe3 37. fxe3 Qd2+ 38.
Kh3 h5 39. Rg1 f2 40. Rf1 Qxe3 41. Qc2 Rf5 42. Qc8+ Rf8 43. Qe6+ Kh7 44.
Qe5 Qf3 0-1

[Event "Memorial Tal - Blitz"]
[Site "Mosca"]
[Date "05.03.2018"]
[Round "9B"]
[White "Fedoseev,Vl3"]
[Black "Karjakin,Sergey"]
[Result "1/2-1/2"]
[WhiteElo "2724"]
[BlackElo "2763"]
[EventDate "2018.03.02"]

1. e4 e5 2. Nf3 Nc6 3. Bb5 Nf6 4. O-O Nxe4 5. Re1 Nd6 6. Nxe5 Be7 7. Bf1
Nxe5 8. Rxe5 O-O 9. d4 Bf6 10. Re2 b6 11. Re1 Bb7 12. Bf4 Ne4 13. Be3 Re8
14. Nd2 d6 15. Bd3 Qd7 16. Nf1 c5 17. c3 cxd4 18. Bxd4 Bxd4 19. cxd4 Nf6
20. Ne3 g6 21. Qb3 Rac8 22. a4 Re7 23. a5 bxa5 24. Rxa5 Be4 25. Bf1 Qb7 26.
Qa3 Rd8 27. Nc4 Bd5 28. Rxe7 Qxe7 29. Ne3 Qe4 30. Qd3 Qxd3 31. Bxd3 Be4 32.
Bxe4 Nxe4 33. f3 Nf6 34. b4 Rd7 35. Kf2 Kf8 36. Ke2 Rb7 37. b5 Ke7 38. Kd3
Ke6 39. d5+ Ke7 40. Kd4 Nd7 41. Nc4 Nc5 42. Kc3 Rc7 43. Ra3 Nd7 44. Kd4 Nf6
45. Na5 Rc5 46. Nc6+ Kf8 47. Nxa7 Rxd5+ 48. Kc4 Rc5+ 49. Kd4 Rd5+ 50. Kc4
Rc5+ 51. Kd4 1/2-1/2

[Event "Memorial Tal - Blitz"]
[Site "Mosca"]
[Date "05.03.2018"]
[Round "9B"]
[White "Mamedyarov,S"]
[Black "Svidler,P"]
[Result "1-0"]
[WhiteElo "2809"]
[BlackElo "2760"]
[EventDate "2018.03.02"]

1. d4 Nf6 2. c4 c5 3. d5 e6 4. Nc3 d6 5. e4 g6 6. Nf3 Bg7 7. h3 O-O 8. Bd3
exd5 9. cxd5 b5 10. Nxb5 Re8 11. O-O Nxe4 12. Re1 a6 13. Na3 Nf6 14. Rxe8+
Nxe8 15. Nc4 Nd7 16. Bf4 Ndf6 17. Ne3 Nh5 18. Bg5 Bf6 19. h4 Rb8 20. b3
Bxg5 21. hxg5 f6 22. gxf6 Qxf6 23. Rc1 Nc7 24. Rc4 Nf4 25. Qd2 Bd7 26. Ng4
Bxg4 27. Rxf4 Qa1+ 28. Bf1 Bxf3 29. Rxf3 Re8 30. Qf4 1-0

[Event "Memorial Tal - Blitz"]
[Site "Mosca"]
[Date "05.03.2018"]
[Round "9B"]
[White "Dubov,Daniil"]
[Black "Anand,V"]
[Result "1-0"]
[WhiteElo "2701"]
[BlackElo "2776"]
[EventDate "2018.03.02"]

1. c4 e5 2. Nc3 Bb4 3. Nd5 a5 4. Nf3 d6 5. g3 c6 6. Ne3 Nf6 7. Bg2 O-O 8.
O-O Re8 9. d4 exd4 10. Nxd4 Na6 11. Nec2 Bc5 12. b3 Nb4 13. Bb2 Bg4 14. Ne3
Bh5 15. a3 Na6 16. Ndf5 Bg6 17. Nxg7 Kxg7 18. Ng4 Re6 19. b4 axb4 20. axb4
Nxb4 21. Rxa8 Qxa8 22. Qd2 Kf8 23. Nxf6 Qd8 24. Qh6+ Ke7 25. Bf3 Nc2 26.
Qh4 Qa5 27. Nxh7+ Ke8 28. Nf6+ Kd8 29. Bg4 Kc7 30. Bxe6 fxe6 31. Qh6 1-0

[Event "Memorial Tal - Blitz"]
[Site "Mosca"]
[Date "05.03.2018"]
[Round "9B"]
[White "Andreikin,D"]
[Black "Artemiev,V"]
[Result "0-1"]
[WhiteElo "2712"]
[BlackElo "2697"]
[EventDate "2018.03.02"]

1. Nf3 g6 2. e4 d6 3. d4 Nf6 4. Nc3 Bg7 5. h3 O-O 6. Be3 a6 7. a4 Nc6 8. d5
Nb8 9. Bd3 e6 10. dxe6 Bxe6 11. Nd4 d5 12. O-O Nc6 13. Nxc6 bxc6 14. Bd4
dxe4 15. Bxe4 Nxe4 16. Bxg7 Qxd1 17. Rfxd1 Nxf2 18. Bxf8 Nxd1 19. Rxd1 Kxf8
20. Ne4 Bf5 21. Nc5 Bxc2 22. Rd7 Rb8 23. Rxc7 Rxb2 24. Rxc6 Rb4 25. a5 Rb5
26. Nxa6 Be4 27. Rc8+ Kg7 28. Nc5 Bf5 29. Rc7 Rxa5 30. g4 Bb1 31. Kh2 Ba2
32. g5 h6 33. h4 Bd5 34. Kg3 Ra3+ 35. Kh2 Ra2+ 36. Kg3 Rg2+ 37. Kf4 Rf2+
38. Ke3 Rf5 39. gxh6+ Kxh6 40. Nd3 Rf3+ 41. Kd4 Be6 42. Ne5 Rf4+ 43. Ke3
Rf5 44. Nd3 Kh5 45. Nf4+ Kxh4 46. Re7 g5 47. Ne2 Kg4 48. Nd4 Rf1 49. Re8
Bd5 50. Ke2 Rf4 51. Ke3 f5 52. Rf8 Re4+ 53. Kd3 Re5 54. Nc2 Be4+ 55. Kd4
Rd5+ 56. Kc4 Rd7 57. Nd4 Rc7+ 58. Kb4 f4 59. Rg8 Bd5 0-1